| 000 | 01462nam0a22002891 4500 | ||
|---|---|---|---|
| 001 | rc\3373152 | ||
| 005 | 20130115153358.8 | ||
| 021 |
_aRU _b[70-44726] |
||
| 035 | _a(NLR Aleph) 007531038 | ||
| 090 |
_a7755199 _c7755199 |
||
| 100 | _a20130115d1970 |||y0rusy50 ca | ||
| 101 | 0 | _arus | |
| 102 | _aRU | ||
| 105 | _aa z ||||| | ||
| 200 | 1 |
_aОпыт Московского мебельно-сборочного комбината № 2 по внедрению НОТ _e(Обзор) _fМ-во лесной и деревообрабатывающей пром-сти СССР. Всесоюз. науч.-исслед. и проектный ин-т экономики, организации управления производством и информации по лесной, целлюлозно-бум. и деревообрабатывающей пром-сти |
|
| 210 |
_aМосква _cБ. и. _d1970 |
||
| 215 |
_a47 с. _cил. _d21 |
||
| 225 | 1 | _a[Мебель] | |
| 300 | _aНа обл. авт. не указан | ||
| 532 | 1 | 3 | _aОпыт Московского мебельно-сборочного комбината номер 2 по внедрению НОТ |
| 606 |
_aМебельное производство _xОрганизация труда _2psbo |
||
| 700 | 1 |
_aЛюбман _bС. М. _gСемен Маркович |
|
| 801 | 0 |
_aRU _bNLR _gpsbo |
|
| 801 | 1 |
_aRU _bELAR _2rusmarc |
|
| 852 |
_aNLR _j70-6/3625 |
||
| 942 | _cBOOK | ||
| 980 | _aNB | ||